000
00313nam a22001337a 4500
008
170523b xxu||||| |||| 00| 0 eng d
020
_a
0471940712
041
_a
eng
080
_a
94(7/8)
100
_a
16
101
_a
SHH
245
_a
THE CRITICAL YEARS: AMERICAN FOREIGN POLICY
_c
WHITE.P.C
942
_2
udc
_c
BK
999
_c
13895
_d
13895